| 000 | 00527cam a22002171 4500 | ||
|---|---|---|---|
| 001 | sa 67003847 | ||
| 003 | DLC | ||
| 005 | 20260227112341.0 | ||
| 008 | 890614s1966 ii 000 0 tamo | ||
| 010 | _asa 67003847 | ||
| 035 | _a(OCoLC)19869772 | ||
| 040 |
_aDLC _cWaU _dDLC |
||
| 042 | _apremarc | ||
| 050 | 0 | 0 |
_aBL1135.P78 _bA58 |
| 130 | 0 |
_aPuranas. _pŚivapurāṇa. _lTamil. |
|
| 245 | 1 | 0 | _aCiva purāṇam. |
| 260 | _c[1966] | ||
| 300 |
_a388 p. _c18 cm. |
||
| 500 | _aIn Tamil. | ||
| 700 | 1 |
_aRamanathan, S., _d1931- |
|
| 999 |
_c74118 _d74118 |
||